banner-ar

ULTRACLEAN TECHNOLOGY HANDBOOK : VOLl 1 : ULTRAPURE WATER / (Record no. 17069)

MARC details
000 -الفاتح
حقل البيانات ثابتة الطول 00427nam a2200145Ia 4500
008 - عناصر البيانات ثابتة الطول - معلومات عامة
حقل البيانات ثابتة الطول 140319s9999 xx 000 0 eng d
040 ## - مصدر الفهرسة
وكالة الفهرسة الأصلية GCL /
وكالة النسخ GCL
082 04 - رقم تصنيف ديوى العشرى
رقم التصنيف Ref
رقم المادة 670.42
-- OU
100 1# - المدخل الرئيسى - إسم شخصى
الإسم الشخصى OHMI, TADAHIRO
245 10 - بيان العنوان
العنوان ULTRACLEAN TECHNOLOGY HANDBOOK : VOLl 1 : ULTRAPURE WATER /
بيان المسئوليه,etc OHMI, TADAHIRO
260 ## - PUBLICATION, DISTRIBUTION, ETC. (IMPRINT)
تاريخ النشر أو التوزيع 1993
650 04 - المدخل الاضافى بالموضوع-مصطلح موضوعى
مصطلح موضوعي MANUFACTURING PROCESSES
942 ## - عناصر المدخل الإضافي( كوها)
مصدر التصنيف او مخطط الترفيف Dewey Decimal Classification
Koha [default] item type كتاب
260 ## - PUBLICATION, DISTRIBUTION, ETC. (IMPRINT)
-- [S.N] :
-- MARCEL DEKKER, INC ،
Holdings
حالة التراجع حالة الفقد حالة تلف ليس للاعارة المكان المؤقت الموقع الحالى تاريخ الاكتساب اجمالي اﻻعارات رقم الطلب الباركود تاريخ اخر مشاهدة تاريخ تفعيل السعر نوع وعاء كوها
        مكتبة القاهرة الكبرى مكتبة القاهرة الكبرى 03/26/2014   Ref\670.42\OU 30807 03/26/2014 03/26/2014 كتاب
        مكتبة القاهرة الكبرى مكتبة القاهرة الكبرى 03/26/2014   Ref\670.42\OU 30808 03/26/2014 03/26/2014 كتاب

Powered By

EGPV